[Event "HUN-chT2 0102"]
[Site "?"]
[Date "2001.09.30"]
[Round "1"]
[White "Tancsa Robert"]
[Black "Dekic Josip"]
[Result "0-1"]
[WhiteElo "2205"]
[BlackElo "2275"]
[PlyCount "66"]
[EventDate "2001.??.??"]
[Source "www.chesslib.no"]
[SourceDate "2004.05.04"]

1. e4 c5 2. Nf3 d6 3. d4 cxd4 4. Nxd4 Nf6 5. Nc3 e5 6. Bb5+ Nbd7 7. Nf5 a6 8. Be2 Nb6 9. Ne3 Be6 10. Ned5 Nxe4 11. O-O Nxc3 12. Nxc3 Be7 13. f4 f5 14. a4 O-O 15. b3 Rc8 16. Bb2 Bf6 17. a5 e4 18. Qd2 Na8 19. Na4 Bxb2 20. Nxb2 d5 21. Rac1 Qf6 22. Na4 d4 23. Qb4 Rc7 24. Rfd1 Rd8 25. Bf1 Bf7 26. Rd2 d3 27. Rcd1 Rd4 28. c4 Rd8 29. Kh1 h6 30. Nc3 Rcd7 31. Re1 Nc7 32. Nd1 Ne6 33. g3 Nd4 0-1

[Event "TCh-SWE 2003-4"]
[Site "?"]
[Date "2003.11.11"]
[Round "3"]
[White "Ong Kezli"]
[Black "Pepic Rizo"]
[Result "1-0"]
[WhiteElo "2207"]
[BlackElo "2270"]
[PlyCount "51"]
[EventDate "2003.??.??"]
[Source "www.chesslib.no"]
[SourceDate "2004.05.04"]

1. e4 c5 2. Nf3 d6 3. d4 cxd4 4. Nxd4 Nf6 5. Nc3 e5 6. Bb5+ Bd7 7. Bxd7+ Qxd7 8. Nb3 Be7 9. Bg5 O-O 10. Bxf6 Bxf6 11. Nd5 Be7 12. O-O Rd8 13. Qh5 Na6 14. f4 f6 15. Rad1 Qe8 16. Qg4 Kf8 17. Rd3 Qf7 18. Rh3 h6 19. Rc3 Rab8 20. Qf5 Kg8 21. Rff3 Bf8 22. Rg3 Kh8 23. Rg6 Re8 24. Qh5 Qd7 25. Rcg3 exf4 26. Qxh6+ 1-0

[Event "Zemplen Cup-A 10th"]
[Site "?"]
[Date "2000.07.02"]
[Round "8.7"]
[White "Laihonen Petteri"]
[Black "Isepy Jozsef"]
[Result "1/2-1/2"]
[WhiteElo "2277"]
[BlackElo "2194"]
[PlyCount "66"]
[EventDate "2000.??.??"]
[Source "www.chesslib.no"]
[SourceDate "2004.05.04"]

1. e4 c5 2. Nf3 d6 3. d4 cxd4 4. Nxd4 Nf6 5. Nc3 e5 6. Bb5+ Bd7 7. Bxd7+ Qxd7 8. Nf5 Nxe4 9. Nxe4 Qxf5 10. Nxd6+ Bxd6 11. Qxd6 Nc6 12. O-O Rd8 13. Qc5 Qe6 14. Be3 b6 15. Qa3 Qd6 16. Qa4 O-O 17. c3 Qe6 18. f4 exf4 19. Bxf4 Rd5 20. Rae1 Qd7 21. Qe4 Nd8 22. h3 Ne6 23. Be3 Rd8 24. Qf3 Rd3 25. Qf5 Qd5 26. Qxd5 R8xd5 27. Rf2 h6 28. Rfe2 Ra5 29. a3 Rad5 30. g3 Rd7 31. Kg2 R7d5 32. h4 Rd1 33. Rxd1 Rxd1 1/2-1/2

[Event "CZE-chTV 0102"]
[Site "?"]
[Date "2002.??.??"]
[Round "3"]
[White "Nemec Pavel"]
[Black "Vesely Tomas"]
[Result "1-0"]
[WhiteElo "2351"]
[BlackElo "2113"]
[PlyCount "73"]
[EventDate "2002.??.??"]
[Source "www.chesslib.no"]
[SourceDate "2004.05.04"]

1. e4 c5 2. Nf3 d6 3. d4 cxd4 4. Nxd4 Nf6 5. Nc3 e5 6. Bb5+ Bd7 7. Bxd7+ Qxd7 8. Nde2 Nc6 9. Bg5 Be7 10. Bxf6 Bxf6 11. Nd5 Bh4 12. Qd2 O-O 13. g3 Bd8 14. O-O f5 15. f3 Kh8 16. Rad1 Bb6+ 17. Nxb6 axb6 18. a3 Rf6 19. Nc3 Ne7 20. Nd5 Nxd5 21. Qxd5 fxe4 22. fxe4 Raf8 23. Rxf6 Rxf6 24. Qxe5 h6 25. Qd4 Qb5 26. c4 Qb3 27. Rf1 Rxf1+ 28. Kxf1 b5 29. cxb5 Qxb5+ 30. Kf2 Qc6 31. Ke3 b5 32. Kd2 Kh7 33. Qd3 Kh8 34. h4 Qc5 35. Qe3 Qe5 36. Qc3 Qc5 37. Qxc5 1-0

[Event "BL2-S 9192"]
[Site "GER"]
[Date "1992.??.??"]
[Round "?"]
[White "Pieper, Thomas"]
[Black "Gabriel, Robert"]
[Result "1-0"]
[WhiteElo "2210"]
[BlackElo "2250"]
[PlyCount "61"]
[EventDate "1991.10.??"]
[Source "www.chesslib.no"]
[SourceDate "2004.05.04"]

1. e4 c5 2. Nf3 d6 3. d4 cxd4 4. Nxd4 Nf6 5. Nc3 e5 6. Bb5+ Bd7 7. Bxd7+ Qxd7 8. Nf5 Nxe4 9. Nxe4 Qxf5 10. Nxd6+ Bxd6 11. Qxd6 Nc6 12. O-O Qxc2 13. Be3 Qg6 14. Qa3 Qe6 15. Rfd1 Qe7 16. Bc5 Qc7 17. Bd6 Qb6 18. Qg3 Qxb2 19. Qxg7 O-O-O 20. Qg4+ Rd7 21. Qxd7+ Kxd7 22. Bxe5+ Nd4 23. Bxd4 Qe2 24. Bxh8+ Kc6 25. a4 b6 26. h3 Qe6 27. Rac1+ Kb7 28. Re1 Qd6 29. Be5 Qb4 30. Rc7+ Ka6 31. Bc3 1-0

[Event "Moscow ol women"]
[Site "Moscow RUS"]
[Date "1994.??.??"]
[Round "4"]
[White "Hunt, Harriet"]
[Black "Strutinskaya, Galina N"]
[Result "1-0"]
[WhiteElo "2225"]
[BlackElo "2235"]
[PlyCount "65"]
[EventDate "1994.11.??"]
[Source "www.chesslib.no"]
[SourceDate "2004.05.04"]

1. e4 c5 2. Nf3 d6 3. d4 cxd4 4. Nxd4 Nf6 5. Nc3 e5 6. Bb5+ Nbd7 7. Nf5 a6 8. Ba4 b5 9. Bb3 Nb6 10. Bg5 Bxf5 11. exf5 Be7 12. O-O Qc7 13. a4 b4 14. Bxf6 Bxf6 15. Ne4 Rd8 16. a5 Nc8 17. Qg4 Kf8 18. Nxf6 gxf6 19. Qxb4 Rg8 20. Qh4 Ke7 21. Bd5 Rg7 22. c4 Na7 23. Rfe1 Rb8 24. Qh6 Rbg8 25. Qe3 Rb8 26. Qh6 Rbg8 27. f4 Nc6 28. c5 Qa7 29. Rac1 Nb4 30. Be4 Rg4 31. Kh1 Rd8 32. cxd6+ Ke8 33. Qxf6 1-0

[Event "otb"]
[Site "otb"]
[Date "2007.04.08"]
[Round "9"]
[White "Duarte Barahona R"]
[Black "Dominguez Aguilar Guillermo"]
[Result "1/2-1/2"]
[WhiteElo "2082"]
[BlackElo "2376"]
[PlyCount "61"]
[Source "www.chesslib.no"]
[SourceDate "2004.05.04"]

1. e4 c5 2. Nf3 d6 3. d4 cxd4 4. Nxd4 Nf6 5. Nc3 e5 6. Bb5+ Bd7 7. Bxd7+ Qxd7 8. Nde2 Qc6 9. Ng3 h6 10. Qf3 Nbd7 11. Be3 b5 12. a3 a6 13. O-O g6 14. Rfd1 Be7 15. h3 Kf8 16. Nf1 Kg7 17. Nh2 Rac8 18. Rac1 Qb7 19. Rd3 Rc4 20. Re1 a5 21. Qe2 b4 22. Nd5 Nxd5 23. Rxd5 Qc7 24. Rxa5 Rxe4 25. axb4 Rxb4 26. Ra7 Rb7 27. Rxb7 Qxb7 28. c3 Qb3 29. f4 Rb8 30. fxe5 dxe5 31. Qd2 1/2-1/2

[Event "Corr"]
[Site "?"]
[Date "2002.05.09"]
[Round "?"]
[White "Sakai Kiyotaka"]
[Black "Morin Stéphane"]
[Result "0-1"]
[WhiteElo "2112"]
[BlackElo "2340"]
[PlyCount "74"]
[EventDate "2002.??.??"]
[Source "www.chesslib.no"]
[SourceDate "2004.05.04"]

1. e4 c5 2. Nf3 d6 3. d4 cxd4 4. Nxd4 Nf6 5. Nc3 e5 6. Bb5+ Nbd7 7. Nf5 a6 8. Bxd7+ Qxd7 9. Bg5 Nxe4 10. Nxg7+ Bxg7 11. Nxe4 O-O 12. Qxd6 f6 13. Be3 f5 14. O-O-O Qf7 15. Nc3 Be6 16. a3 Rfc8 17. Nd5 Rd8 18. Ne7+ Kf8 19. Qb4 Ke8 20. Bc5 Bf6 21. Rxd8+ Rxd8 22. Qxb7 Bxe7 23. Bxe7 Qxe7 24. Qxa6 Qg5+ 25. Kb1 Kf7 26. Qb7+ Rd7 27. Qf3 e4 28. Qg3 Qxg3 29. hxg3 Rd2 30. b4 Rxf2 31. b5 Rxg2 32. b6 Rxg3 33. a4 e3 34. Rxh7+ Kf6 35. b7 Rg8 36. a5 Bd5 37. a6 e2 0-1

[Event "Galicia-ch Absoluto"]
[Site "?"]
[Date "2003.04.13"]
[Round "2.2"]
[White "Rivera Kuzawka Daniel"]
[Black "Rodriguez Lopez Walter"]
[Result "1-0"]
[WhiteElo "2330"]
[BlackElo "2096"]
[PlyCount "45"]
[EventDate "2003.??.??"]
[Source "www.chesslib.no"]
[SourceDate "2004.05.04"]

1. e4 c5 2. Nf3 d6 3. d4 cxd4 4. Nxd4 Nf6 5. Nc3 e5 6. Bb5+ Nbd7 7. Nf5 a6 8. Bxd7+ Qxd7 9. Bg5 Nxe4 10. Nxg7+ Bxg7 11. Nxe4 d5 12. Nf6+ Bxf6 13. Bxf6 O-O 14. f4 exf4 15. O-O Qg4 16. Qd2 Qg6 17. Rxf4 Be6 18. Raf1 Rfc8 19. Bc3 Rxc3 20. bxc3 Rc8 21. R1f3 Kf8 22. Rf6 Qe4 23. Re3 1-0

[Event "DDR-ch U18"]
[Site "Ilmenau"]
[Date "1981.??.??"]
[Round "?"]
[White "Voekler, Bernd"]
[Black "Volke, Karsten"]
[Result "1/2-1/2"]
[WhiteElo "2200"]
[BlackElo "2200"]
[PlyCount "58"]
[EventDate "1981.08.??"]
[Source "ChessBase"]

1. e4 c5 2. Nf3 d6 3. d4 cxd4 4. Nxd4 Nf6 5. Nc3 e5 6. Bb5+ Nbd7 7. Nf5 a6 8. Bd3 Nc5 9. Ne3 Be7 10. O-O O-O 11. b4 Nxd3 12. Qxd3 Be6 13. Ncd5 Nxd5 14. Nxd5 Bxd5 15. Qxd5 Qc7 16. c4 Rac8 17. Be3 Qxc4 18. Qxb7 Rc7 19. Qb6 Rc6 20. Rac1 Rxb6 21. Rxc4 d5 22. exd5 Rxb4 23. Rc7 Bf6 24. d6 h6 25. Ra7 Ra4 26. d7 Rxa2 27. Rc1 Rb2 28. Rc8 Rb1+ 29. Bc1 Rd8 1/2-1/2

[Event "Lone Pine"]
[Site "Lone Pine"]
[Date "1976.??.??"]
[Round "6"]
[White "Gruchacz, Robert"]
[Black "Sisniega, Marcel"]
[Result "0-1"]
[WhiteElo "2200"]
[BlackElo "2200"]
[PlyCount "130"]
[EventDate "1976.??.??"]
[Source "ChessBase"]

1. e4 c5 2. Nf3 d6 3. d4 cxd4 4. Nxd4 Nf6 5. Nc3 e5 6. Bb5+ Bd7 7. Bxd7+ Qxd7 8. Nde2 Nc6 9. Bg5 Be7 10. Bxf6 Bxf6 11. Nd5 Be7 12. Ng3 g6 13. Qd3 O-O 14. O-O Rac8 15. Rad1 Bg5 16. Ne2 Kh8 17. f3 f5 18. Rf2 Rf7 19. c3 Rcf8 20. Ng3 Nd8 21. Rc2 Ne6 22. b4 Bh6 23. Nf1 fxe4 24. Qxe4 Ng5 25. Qh4 Kg7 26. Ng3 Rxf3 27. Qc4 R3f7 28. Qd3 Qc6 29. Rf1 Ne6 30. Rxf7+ Rxf7 31. Ne4 Nd4 32. Rf2 Rxf2 33. Nxf2 Qxd5 34. cxd4 Qxd4 35. Qxd4 exd4 36. Ne4 Bf4 37. g3 Be5 38. Kf2 h6 39. Kf3 Kf7 40. Nf2 Ke6 41. Ke4 Bg7 42. Nd3 Be5 43. a4 h5 44. b5 g5 45. Nb4 g4 46. a5 d5+ 47. Nxd5 d3 48. Ne3 d2 49. Kd3 Kd6 50. Kxd2 Kc5 51. b6 a6 52. Kd3 Bd4 53. Nf5 Bg1 54. Ng7 Bxh2 55. Nxh5 Kb5 56. Ke2 Kxa5 57. Kf2 Kxb6 58. Nf6 a5 59. Nxg4 Bxg3+ 60. Kxg3 a4 61. Kf3 a3 62. Ne3 Kc5 63. Ke2 a2 64. Nc2 Kc4 65. Kd2 Kb3 0-1